| 000 | 00969nas a2200325 4500 | ||
|---|---|---|---|
| 001 | BR0900569 | ||
| 003 | BR-BrBNA | ||
| 005 | 20231205113041.0 | ||
| 007 | ta | ||
| 008 | 230509b bl.|||p| |||| 00| 00por d | ||
| 040 |
_aBR-BrBNA _bpor _cBiblioteca Nacional de Agricultura |
||
| 041 | _a(Pt) | ||
| 072 | _aF30 | ||
| 100 | 1 | _aFerreira, E.A. | |
| 100 | 1 | _aDemuner, A.J. | |
| 100 | 1 | _aSilva, A.A. | |
| 100 | 1 | _aSantos, J.B. | |
| 100 | 1 | _aVentrella, M.C. | |
| 100 | 1 | _aMarques, A.E. | |
| 100 | 1 | _aProcópio, S.O. | |
| 245 | 1 | _aComposição química da cera epicuticular e caracterização da superfície foliar em genótipos de cana - de -açucar | |
| 650 | _aCOMPOSIÇÃO QUÍMICA | ||
| 650 | _aSACCHARUM SPP | ||
| 650 | _aMICROBIOLOGIA | ||
| 650 | _aCROMATOGRAFIA | ||
| 650 | _aGAS | ||
| 773 | 0 |
_tPlanta Daninha (Brazil) _xISSN 0100-8358 _g(2005), v. 23(4) p. 611-619 _wBR0900569 |
|
| 909 |
_a202311 _bLúcia _c55 _dLúcia Elande |
||
| 942 |
_2AGRIS _n0 _cANA |
||
| 999 |
_c201539 _d201539 |
||